கணிதம் : தரம் - 07 /
Saved in:
| Main Author: | |
|---|---|
| Format: | Book |
| Language: | English Tamil |
| Published: |
கொழும்பு :
ராஜபார்வை வெளியீடு;
2021.
|
| Subjects: | |
| Tags: |
Add Tag
No Tags, Be the first to tag this record!
|
MARC
| LEADER | 00000nam a22000007a 4500 | ||
|---|---|---|---|
| 005 | 20260410151646.0 | ||
| 008 | 260410b |||||||| |||| 00| 0 eng d | ||
| 020 | |a 9789557980423 | ||
| 041 | |a tam | ||
| 082 | |a 372.7 |b தனபா | ||
| 100 | |a ந.தனபாலசிங்கம் |9 117212 | ||
| 245 | |a கணிதம் : |b தரம் - 07 / |c ந.தனபாலசிங்கம். | ||
| 260 | |a கொழும்பு : |b ராஜபார்வை வெளியீடு; |c 2021. | ||
| 300 | |a 196 பக். |c 23 Cm. | ||
| 650 | |a (Mathematics - Elementary Education) | ||
| 942 | |c BK | ||
| 999 | |c 71249 |d 71249 | ||